| 000 | 00957nam a2200205 a 4500 | ||
|---|---|---|---|
| 001 | 000035182 | ||
| 005 | 20200930074147.0 | ||
| 008 | 111025s19992001sp ac 000 0 spa d | ||
| 020 | _a8487583555 | ||
| 082 |
_axxxx _bB727i |
||
| 100 | 1 |
_aBordas Ibáñez, Cristina _960912 |
|
| 245 | 1 | 0 |
_aInstrumentos musicales en colecciones españolas. / _cCristina Bordas Ibáñez. |
| 260 |
_aMadrid : _bCentro de Documentación de Música y Danza (INAEM):, _c1999-2001. |
||
| 300 |
_a2 v. ; _c26 cm. |
||
| 504 | _aIncluye refrencias bibliográfica al final de cada volumen | ||
| 505 | 0 |
_gv. 1 _tMuseos de Titularidad Estatal. Ministerio de Educación y Cultura -- _gv. 2 _tMuseo de titularidad estatal, no dependientes del Ministerio de Educación, Cultura y Deporte |
|
| 710 | 2 |
_aMinisterio de Educación y Cultura, Instituto Nacional de las Artes Escénicas y de la Música _960913 |
|
| 710 | 2 |
_aMinisterio de Educación Cultura y Deporte _960914 |
|
| 999 |
_c34673 _d34673 |
||
| 040 | _aDO-SdBNP | ||